Municipalities of Uruguay - Statistics

General Stats
  • This quiz has been taken 399 times
  • The average score is 39 of 125
Answers on the Map
Answers color-coded by a green-red scale on the quiz's map according to % correct below.
 
Answer Stats
Department Municipality % Correct
Maldonado Punta del Este
72%
Rocha Chuy
67%
Artigas Bella Unión
62%
Rocha La Paloma
62%
Maldonado Maldonado
62%
Canelones Las Piedras
61%
Canelones Ciudad de la Costa
60%
Montevideo Municipio A
59%
Montevideo Municipio B
59%
Montevideo Municipio C
59%
Canelones Atlántida
58%
Montevideo Municipio D
58%
Montevideo Municipio F
58%
Montevideo Municipio G
58%
Maldonado Piriápolis
58%
Montevideo Municipio E
57%
Canelones Canelones
56%
Montevideo Municipio CH
54%
Tacuarembó Paso de los Toros
53%
Colonia Carmelo
52%
Maldonado San Carlos
52%
Colonia Nueva Helvecia
51%
Canelones | Colonia La Paz
50%
Río Negro Young
49%
Rocha Castillos
48%
Canelones Pando
46%
San José Libertad
43%
Rivera Tranqueras
43%
Soriano Dolores
42%
Canelones Santa Lucía
42%
Maldonado Aiguá
41%
San José Ciudad del Plata
41%
Colonia Juan L. Lacaze
41%
Canelones La Floresta
41%
Durazno Sarandí del Yí
41%
Soriano Cardona
40%
Cerro Largo Río Branco
40%
Colonia Rosario
40%
Canelones Tala
40%
Canelones Salinas
38%
Canelones San Jacinto
38%
Rocha Lascano
37%
Lavalleja Solís de Mataojo
37%
Colonia Nueva Palmira
36%
Maldonado Pan de Azúcar
36%
Canelones Parque del Plata
36%
Canelones San Ramón
35%
Canelones Sauce
34%
Cerro Largo Aceguá
33%
Treinta y Tres Cerro Chato
33%
Colonia Tarariras
33%
Canelones Toledo
33%
Canelones Progreso
32%
Tacuarembó San Gregorio de Polanco
32%
Paysandú Guichón
31%
Canelones San Bautista
31%
Canelones Santa Rosa
31%
Florida Casupá
30%
Colonia Colonia Valdense
30%
Florida Sarandí Grande
30%
Canelones Soca
30%
Cerro Largo Fraile Muerto
28%
Rivera Minas de Corrales
28%
Río Negro San Javier
28%
Rivera Vichadero
28%
Maldonado Garzón
27%
Río Negro Nuevo Berlín
27%
Canelones Barros Blancos
26%
San José Ecilda Paullier
26%
Canelones Empalme Olmos
26%
Canelones Migues
26%
Canelones Colonia Nicolich
25%
Florida Fray Marcos
25%
Flores Ismael Cortinas
25%
Lavalleja José Pedro Varela
25%
Canelones Los Cerrillos
25%
Canelones Paso Carrasco
25%
Salto Pueblo Belén
25%
Artigas Tomás Gomensoro
24%
Salto Pueblo San Antonio
23%
Canelones San Antonio
23%
Lavalleja José Batlle y Ordóñez
22%
Lavalleja Mariscala
22%
Artigas Baltasar Brum
21%
Colonia Florencio Sánchez
21%
Colonia Ombúes de Lavalle
21%
Treinta y Tres Vergara
21%
Canelones Montes
20%
Canelones 18 de Mayo
18%
Canelones Aguas Corrientes
18%
Cerro Largo | Paysandú Quebracho
18%
San José Rodríguez
18%
Canelones Suárez
18%
Cerro Largo Tupambaé
18%
Soriano José Enrique Rodó
17%
Treinta y Tres Rincón
17%
Paysandú Tambores
17%
Soriano Palmitas
16%
Tacuarembó Ansina
15%
Cerro Largo Las Cañas
15%
Durazno Villa del Carmen
15%
Cerro Largo Arbolito
14%
Cerro Largo Isidoro Noblía
14%
Treinta y Tres Santa Clara de Olimar
14%
Maldonado Solís Grande
14%
Salto Mataojo
13%
Salto Villa Constitución
13%
Cerro Largo Arévalo
11%
Paysandú Chapicuy
11%
Paysandú Porvenir
11%
Cerro Largo Centurión
10%
Paysandú Piedras Coloradas
10%
Treinta y Tres Villa Sara
10%
Cerro Largo Cerro de las Cuentas
9%
Cerro Largo Plácido Rosas
8%
Cerro Largo Ramón Trigo
8%
Cerro Largo Tres Islas
8%
Cerro Largo Bañado de Medina
7%
Salto Colonia Lavalleja
7%
Colonia Colonia Miguelete
7%
Paysandú Lorenzo Geyres
7%
Salto Pueblo Rincón de Valentín
7%
Treinta y Tres General Enrique Martínez
4%
No matching quizzes found
Score Distribution
Percent of People with Each Score
Percentile by Number Answered
Your Score History
You have not taken this quiz